[Event "Graz op-A"]
[Site "Graz"]
[Date "2019.02.17"]
[Round "1"]
[White "Ng, Jen Sheng"]
[Black "Teclaf, Pawel"]
[Result "0-1"]
[WhiteElo "2153"]
[BlackElo "2450"]
[PlyCount "62"]
[EventDate "2019.02.17"]
[EventType "swiss"]
[EventRounds "9"]
[EventCountry "AUT"]
[SourceTitle "CBM 189 Extra"]
[Source "ChessBase"]
[SourceDate "2019.06.03"]
[SourceVersion "1"]
[SourceVersionDate "2019.06.03"]
[SourceQuality "1"]

1. e4 c5 2. Nf3 d6 3. d4 cxd4 4. Nxd4 Nf6 5. Nc3 a6 6. Bc4 e6 7. Bb3 Be7 8. 0-0 0-0 9. f4 b5 10. Qf3 Bb7 11. f5 e5 12. Nde2 Nbd7 13. Be3 Rc8 14. g4 b4 15. g5 bxc3 16. gxf6 Nxf6 17. Nxc3 Rxc3 18. bxc3 Nxe4 19. Qg4 Qa8 20. h3 d5 21. Bh6 Bf6 22. Bxg7 Bxg7 23. f6 Nxf6 24. Rxf6 Kh8 25. Rf3 Qa7+ 26. Kh2 e4 27. Rff1 Bxc3 28. Rad1 Qe3 29. Bxd5 Be5+ 30. Kh1 Rg8 31. Qh5 Qg3 0-1

[Event "Lienz op 20th"]
[Site "Lienz"]
[Date "2019.02.13"]
[Round "6"]
[White "Ng, Jen Sheng"]
[Black "Navalgund, Niranjan"]
[Result "0-1"]
[WhiteElo "2153"]
[BlackElo "2359"]
[PlyCount "50"]
[EventDate "2019.02.09"]
[EventType "swiss"]
[EventRounds "9"]
[EventCountry "AUT"]
[SourceTitle "CBM 188 Extra"]
[Source "ChessBase"]
[SourceDate "2019.02.26"]
[SourceVersion "1"]
[SourceVersionDate "2019.02.26"]
[SourceQuality "1"]

1. e4 e5 2. Nf3 Nc6 3. Bc4 Nf6 4. d3 h6 5. c3 d6 6. 0-0 g5 7. Re1 g4 8. Nfd2 h5 9. Nf1 h4 10. f4 exf4 11. Bxf4 Ne5 12. Bxe5 dxe5 13. Qb3 Rh7 14. Ne3 c6 15. a4 Bc5 16. Kh1 Nh5 17. Na3 g3 18. h3 Bxe3 19. Rxe3 Bxh3 20. gxh3 Qd7 21. Qc2 Nf4 22. d4 Qxh3+ 23. Kg1 Qg4 24. Qd1 Qg5 25. Qf3 Rg7 0-1

[Event "Lienz op 20th"]
[Site "Lienz"]
[Date "2019.02.11"]
[Round "4"]
[White "Ng, Jen Sheng"]
[Black "Feige, Manuel"]
[Result "0-1"]
[WhiteElo "2153"]
[BlackElo "2392"]
[PlyCount "46"]
[EventDate "2019.02.09"]
[EventType "swiss"]
[EventRounds "9"]
[EventCountry "AUT"]
[SourceTitle "CBM 188 Extra"]
[Source "ChessBase"]
[SourceDate "2019.02.26"]
[SourceVersion "1"]
[SourceVersionDate "2019.02.26"]
[SourceQuality "1"]

1. e4 c5 2. Nf3 d6 3. d4 cxd4 4. Nxd4 Nf6 5. Nc3 a6 6. Bc4 e6 7. Bb3 b5 8. 0-0 Be7 9. Qf3 Qb6 10. Be3 Qb7 11. Qg3 Nbd7 12. Nf5 exf5 13. Qxg7 Rf8 14. Bg5 fxe4 15. Rfe1 b4 16. Nxe4 Nxe4 17. Rad1 Nxg5 18. Qxg5 Ne5 19. Qe3 Rg8 20. Bd5 Qa7 21. Qh6 Bb7 22. Qxh7 0-0-0 23. Qh3+ Kb8 0-1

[Event "Marianske Lazne IM-B2 18th"]
[Site "Marianske Lazne"]
[Date "2019.01.22"]
[Round "5"]
[White "Ng, Jen Sheng"]
[Black "Stigar, Petter"]
[Result "0-1"]
[WhiteElo "2075"]
[BlackElo "2177"]
[PlyCount "108"]
[EventDate "2019.01.19"]
[EventType "tourn"]
[EventRounds "9"]
[EventCountry "CZE"]
[EventCategory "1"]
[SourceTitle "CBM 188 Extra"]
[Source "ChessBase"]
[SourceDate "2019.02.26"]
[SourceVersion "1"]
[SourceVersionDate "2019.02.26"]
[SourceQuality "1"]

1. e4 e6 2. d4 d5 3. Nc3 Nf6 4. Bg5 dxe4 5. Bxf6 gxf6 6. Nxe4 f5 7. Ng3 c5 8. Nf3 Nc6 9. Bd3 cxd4 10. 0-0 Bd7 11. Qe2 Be7 12. Rfe1 Qc7 13. Bb5 0-0-0 14. Rad1 Bb4 15. Rf1 Bc5 16. Qc4 Bb6 17. Rfe1 Rhg8 18. Re2 Rg4 19. Bxc6 Bxc6 20. Rd3 Bxf3 21. Qxc7+ Kxc7 22. Rxf3 Rdg8 23. Rd3 Rd8 24. Nf1 Re4 25. Red2 Re1 26. Rh3 Rh8 27. c3 dxc3 28. Rxc3+ Kb8 29. b4 Rc8 30. Rxc8+ Kxc8 31. g3 Rb1 32. a3 Rb3 33. Ra2 Bd4 34. Nd2 Rb2 35. Rxb2 Bxb2 36. Nc4 Bc1 37. a4 Kd7 38. f4 f6 39. b5 e5 40. fxe5 fxe5 41. Nxe5+ Ke6 42. Nd3 Be3+ 43. Kg2 Kd5 44. Kf3 Bd2 45. Nf4+ Kc4 46. Ne6 Kb4 47. Nd8 Kxa4 48. Nxb7 Bb4 49. Nd8 Kxb5 50. Ne6 Kc4 51. Ng7 Kd3 52. Nxf5 a5 53. Ne3 a4 54. Nd5 Bd6 0-1

[Event "Prague op-A 18th"]
[Site "Prague"]
[Date "2019.01.16"]
[Round "7"]
[White "Ng, Jen Sheng"]
[Black "Jaroch, Karol"]
[Result "1/2-1/2"]
[WhiteElo "2075"]
[BlackElo "2259"]
[PlyCount "50"]
[EventDate "2019.01.11"]
[EventType "swiss"]
[EventRounds "9"]
[EventCountry "CZE"]
[SourceTitle "CBM 188 Extra"]
[Source "ChessBase"]
[SourceDate "2019.02.26"]
[SourceVersion "1"]
[SourceVersionDate "2019.02.26"]
[SourceQuality "1"]

1. e4 c5 2. Nf3 d6 3. d4 cxd4 4. Nxd4 Nf6 5. Nc3 a6 6. Bc4 e6 7. Bb3 Be7 8. 0-0 0-0 9. f4 b5 10. a3 Bb7 11. Qf3 Nbd7 12. f5 e5 13. Nde2 Nc5 14. Bd5 Nxd5 15. exd5 Rc8 16. Ng3 Bf6 17. Be3 e4 18. Ncxe4 Nxe4 19. Nxe4 Rxc2 20. Rad1 Bxb2 21. Bf4 Qb6+ 22. Kh1 f6 23. Nxf6+ Kh8 24. Qe4 Qc7 25. Bxd6 Rd8 1/2-1/2

[Event "World ol U16"]
[Site "Ahmedabad"]
[Date "2017.12.13"]
[Round "4.3"]
[White "Subrota, Biswas"]
[Black "Ng, Jen Sheng"]
[Result "1-0"]
[WhiteElo "2182"]
[BlackElo "2075"]
[PlyCount "49"]
[EventDate "2017.12.11"]
[EventType "team-swiss"]
[EventRounds "9"]
[EventCountry "IND"]
[SourceTitle "CBM 182 Extra"]
[Source "ChessBase"]
[SourceDate "2018.02.23"]
[SourceVersion "1"]
[SourceVersionDate "2018.02.23"]
[SourceQuality "1"]
[WhiteTeam "Bangladesh"]
[BlackTeam "Malaysia"]
[WhiteTeamCountry "BAN"]
[BlackTeamCountry "MAS"]

1. Nf3 Nf6 2. d4 c5 3. Nc3 cxd4 4. Nxd4 d5 5. Bf4 Nc6 6. e4 Nxe4 7. Nxc6 bxc6 8. Nxe4 dxe4 9. Qxd8+ Kxd8 10. 0-0-0+ Ke8 11. Rd4 Bf5 12. Ba6 Rd8 13. Rxd8+ Kxd8 14. Rd1+ Bd7 15. Bb7 Ke8 16. Be3 a5 17. Bb6 e5 18. Bxa5 Bc5 19. Bc8 Bxc8 20. Rd8+ Ke7 21. Rxh8 Bf5 22. Be1 e3 23. f3 e4 24. b4 exf3 25. gxf3 1-0

[Event "Shah Alam"]
[Site "Shah Alam"]
[Date "2016.01.23"]
[Round "1"]
[White "Ng, Jen Sheng"]
[Black "Wahiduddin, Kamalarifin"]
[Result "1-0"]
[WhiteElo "2188"]
[BlackElo "2119"]
[PlyCount "61"]
[EventDate "2016.01.23"]
[EventType "tourn"]
[EventRounds "5"]
[EventCountry "MAS"]
[SourceTitle "EXT 2017"]
[Source "ChessBase"]
[SourceDate "2016.10.25"]
[SourceVersion "1"]
[SourceVersionDate "2016.10.25"]
[SourceQuality "1"]

1. e4 d5 2. exd5 Qxd5 3. Nf3 Bg4 4. Be2 Nc6 5. d4 0-0-0 6. Be3 Nf6 7. 0-0 Qf5 8. c4 e6 9. Nc3 Bd6 10. h3 h5 11. Ng5 Bxe2 12. Qxe2 Rd7 13. Qf3 Nxd4 14. Bxd4 Qxg5 15. Nb5 a6 16. a4 Bf4 17. Ra3 c6 18. Na7+ Kd8 19. Rd1 Bc7 20. Bxf6+ gxf6 21. Rxd7+ Kxd7 22. Rd3+ Ke7 23. Qd1 Kf8 24. Nc8 Kg7 25. Nd6 h4 26. c5 Qxc5 27. Nxf7 Re8 28. Nd6 Bxd6 29. Rxd6 Re7 30. Qd4 Qxd4 31. Rxd4 1-0

[Event "Penang op 7th"]
[Site "Penang"]
[Date "2015.12.11"]
[Round "7"]
[White "Masruri, Rahman"]
[Black "Ng, Jen Sheng"]
[Result "1/2-1/2"]
[WhiteElo "2305"]
[BlackElo "1991"]
[PlyCount "135"]
[EventDate "2015.12.07"]
[EventType "swiss"]
[EventRounds "9"]
[EventCountry "MAS"]
[SourceTitle "CBM 169 Extra"]
[Source "ChessBase"]
[SourceDate "2015.12.18"]
[SourceVersion "1"]
[SourceVersionDate "2015.12.18"]
[SourceQuality "1"]

1. d4 g6 2. c4 Bg7 3. g3 c5 4. d5 d6 5. Bg2 Nf6 6. Nc3 0-0 7. Nf3 Na6 8. 0-0 Nc7 9. h3 Rb8 10. a4 b6 11. e4 a6 12. e5 Nfe8 13. Qe2 Bb7 14. Rd1 dxe5 15. Nxe5 Nd6 16. Nc6 Bxc6 17. dxc6 Ne6 18. Nd5 Re8 19. h4 Qc8 20. Bg5 Nf5 21. Qe4 h6 22. Bf4 Nxf4 23. c7 Nxg2 24. cxb8Q Qxb8 25. Kxg2 e6 26. Nf4 a5 27. Rd7 Nd4 28. Qb7 Qxb7+ 29. Rxb7 Be5 30. Nd3 Rb8 31. Rd7 Bf6 32. Re1 Kf8 33. Re4 Ke8 34. Ra7 Nc6 35. Rc7 Nd8 36. h5 g5 37. f4 Rb7 38. Rxb7 Nxb7 39. fxg5 Bxg5 40. Re1 Nd6 41. Ne5 Bf6 42. b3 Nf5 43. Nf3 Bd4 44. g4 Ne3+ 45. Kg3 e5 46. g5 hxg5 47. Nxg5 Kf8 48. Kf3 Nf5 49. Ne4 Nh6 50. Nf6 Ke7 51. Ng4 Nxg4 52. Kxg4 Ke6 53. h6 f5+ 54. Kg5 e4 55. h7 Bf6+ 56. Kg6 Ke5 57. Rh1 e3 58. Rh5 Bh8 59. Rxf5+ Ke4 60. Rf8 Bc3 61. h8Q Bxh8 62. Rxh8 Kd3 63. Re8 e2 64. Kf5 Kd2 65. Rd8+ Kc1 66. Re8 Kd1 67. Rd8+ Kc2 68. Re8 1/2-1/2

[Event "Penang op 7th"]
[Site "Penang"]
[Date "2015.12.08"]
[Round "3"]
[White "Pascua, Haridas"]
[Black "Ng, Jen Sheng"]
[Result "1-0"]
[WhiteElo "2462"]
[BlackElo "1991"]
[PlyCount "79"]
[EventDate "2015.12.07"]
[EventType "swiss"]
[EventRounds "9"]
[EventCountry "MAS"]
[SourceTitle "CBM 169 Extra"]
[Source "ChessBase"]
[SourceDate "2015.12.18"]
[SourceVersion "1"]
[SourceVersionDate "2015.12.18"]
[SourceQuality "1"]

1. d4 g6 2. c4 Bg7 3. Nc3 c5 4. d5 Bxc3+ 5. bxc3 Qa5 6. Qd3 f5 7. g3 Nf6 8. Bg2 0-0 9. Nf3 d6 10. Nd2 Nbd7 11. f4 Nb6 12. 0-0 Na4 13. Rf3 Bd7 14. Rb1 Rab8 15. Rb3 Rfc8 16. Qc2 b5 17. Rf1 b4 18. Bb2 Nb6 19. Qb1 Ba4 20. cxb4 cxb4 21. Bxf6 Bxb3 22. Nxb3 Qa6 23. Ba1 Qxc4 24. e4 Qc2 25. exf5 Qxb1 26. Rxb1 Rc2 27. fxg6 hxg6 28. Nd4 Rxa2 29. Nc6 Rb7 30. Bd4 a5 31. Nd8 Rb8 32. Nc6 Nd7 33. Nxb8 Nxb8 34. Rc1 Nd7 35. Bh3 Nc5 36. Bxc5 dxc5 37. d6 Kf7 38. Re1 Rd2 39. dxe7 Ke8 40. Bf1 1-0

[Event "Penang op 6th"]
[Site "Penang"]
[Date "2014.12.11"]
[Round "6"]
[White "Alahakoon, Isuru"]
[Black "Ng, Jen Sheng"]
[Result "1-0"]
[WhiteElo "2143"]
[BlackElo "1792"]
[PlyCount "55"]
[EventDate "2014.12.08"]
[EventType "swiss"]
[EventRounds "9"]
[EventCountry "MAS"]
[SourceTitle "CBM 163 Extra"]
[Source "ChessBase"]
[SourceDate "2014.12.23"]
[SourceVersion "1"]
[SourceVersionDate "2014.12.23"]
[SourceQuality "1"]

1. d4 d5 2. Nf3 Nf6 3. e3 Bf5 4. c4 c6 5. Nc3 e6 6. Qb3 Qc7 7. Bd2 Nbd7 8. Rc1 Rc8 9. Nh4 Bg6 10. g3 Qb8 11. Bg2 Be7 12. Nxg6 hxg6 13. 0-0 0-0 14. cxd5 cxd5 15. e4 dxe4 16. Nxe4 b6 17. Bf4 e5 18. dxe5 Nxe5 19. Rxc8 Rxc8 20. Ng5 Rf8 21. Re1 Nfd7 22. Nxf7 Rxf7 23. Bd5 Bd6 24. Bxf7+ Nxf7 25. Re7 Bxe7 26. Bxb8 Nxb8 27. Qe6 Bd6 28. Qe8+ 1-0

[Event "Penang op 6th"]
[Site "Penang"]
[Date "2014.12.11"]
[Round "7"]
[White "Ng, Jen Sheng"]
[Black "Azman Hisham, Nur Najiha"]
[Result "0-1"]
[WhiteElo "1792"]
[BlackElo "1967"]
[PlyCount "60"]
[EventDate "2014.12.08"]
[EventType "swiss"]
[EventRounds "9"]
[EventCountry "MAS"]
[SourceTitle "CBM 163 Extra"]
[Source "ChessBase"]
[SourceDate "2014.12.23"]
[SourceVersion "1"]
[SourceVersionDate "2014.12.23"]
[SourceQuality "1"]

1. e4 c5 2. Nf3 e6 3. c3 d5 4. exd5 Qxd5 5. d4 cxd4 6. cxd4 Nc6 7. Bd3 Nf6 8. 0-0 Be7 9. Nc3 Qd8 10. a3 0-0 11. Be3 b6 12. Rc1 Bb7 13. Bb1 Nd5 14. Nxd5 Qxd5 15. b4 Bf6 16. Qd3 g6 17. Rfd1 Rac8 18. Rc2 Rfd8 19. Qf1 Ne7 20. Rcd2 Rc3 21. Ra2 Nf5 22. Qe1 Rdc8 23. a4 Nh4 24. Nxh4 Bxh4 25. Qf1 Rb3 26. b5 Rxb1 27. Rxb1 Qxa2 28. Ra1 Qd5 29. f3 Bf6 30. Qd1 Rc4 0-1

[Event "Wch U14"]
[Site "Durban"]
[Date "2014.09.26"]
[Round "8"]
[White "Suleymenov, Alisher"]
[Black "Ng, Jen Sheng"]
[Result "1-0"]
[WhiteElo "2099"]
[BlackElo "1728"]
[PlyCount "103"]
[EventDate "2014.09.20"]
[EventType "swiss"]
[EventRounds "11"]
[EventCountry "RSA"]
[SourceTitle "CBM 162 Extra"]
[Source "ChessBase"]
[SourceDate "2014.10.17"]
[SourceVersion "1"]
[SourceVersionDate "2014.10.17"]
[SourceQuality "1"]

1. d4 d5 2. c4 e6 3. Nc3 Nf6 4. cxd5 exd5 5. Bg5 Nbd7 6. e3 c6 7. Bd3 Be7 8. Qc2 0-0 9. Nge2 Re8 10. 0-0 Nf8 11. f3 c5 12. Rad1 cxd4 13. Nxd4 h6 14. Bh4 g5 15. Bf2 Ne6 16. Nf5 Bf8 17. Bb5 Bd7 18. Bxd7 Qxd7 19. e4 Nc7 20. Ne3 Rac8 21. Nexd5 Ncxd5 22. exd5 a6 23. Qd3 Kg7 24. Bd4 Bc5 25. Bxc5 Rxc5 26. Qd4 Rcc8 27. Ne4 Qf5 28. Nd6 Qc2 29. Rd2 Qc7 30. Nxc8 Qxc8 31. d6 Qe6 32. f4 g4 33. b3 Qd7 34. f5 Qc6 35. Qc4 Qb6+ 36. Kh1 Qe3 37. Qd4 Qg5 38. Rdd1 Qh4 39. Qf2 Qg5 40. Rfe1 Rd8 41. Qb6 Nh5 42. f6+ Qxf6 43. Qd4 Qxd4 44. Rxd4 Nf6 45. Kg1 b5 46. Re7 Ra8 47. Rb7 h5 48. a4 bxa4 49. Rxa4 a5 50. b4 Ne4 51. Rxa5 Rc8 52. Rc7 1-0

[Event "Wch U14"]
[Site "Durban"]
[Date "2014.09.25"]
[Round "7"]
[White "Ng, Jen Sheng"]
[Black "Liska, Jiri2222"]
[Result "1-0"]
[WhiteElo "1728"]
[BlackElo "2017"]
[PlyCount "82"]
[EventDate "2014.09.20"]
[EventType "swiss"]
[EventRounds "11"]
[EventCountry "RSA"]
[SourceTitle "CBM 162 Extra"]
[Source "ChessBase"]
[SourceDate "2014.10.17"]
[SourceVersion "1"]
[SourceVersionDate "2014.10.17"]
[SourceQuality "1"]

1. e4 Nf6 2. e5 Nd5 3. d4 d6 4. c4 Nb6 5. exd6 cxd6 6. Nc3 g6 7. Be3 Bg7 8. Rc1 0-0 9. b3 a5 10. Be2 Bd7 11. Nf3 Nc6 12. 0-0 Bg4 13. d5 Bxf3 14. Bxf3 Ne5 15. Be2 a4 16. f4 Ned7 17. b4 a3 18. Qb3 Rc8 19. Nb5 Bb2 20. Rc2 Nf6 21. Bf3 h5 22. Rd1 Ng4 23. Bxg4 hxg4 24. c5 dxc5 25. bxc5 Qd7 26. Na7 Na8 27. Nxc8 Rxc8 28. Bc1 Bxc1 29. Rdxc1 Nc7 30. Qxb7 Rd8 31. d6 exd6 32. cxd6 Ne6 33. Qxd7 Rxd7 34. Rc8+ Kg7 35. Rd1 Kf6 36. Ra8 Nxf4 37. Rxa3 Ke6 38. Rad3 f6 39. a4 Kf7 40. a5 Ke8 41. Re1+ Kd8 1-0

[Event "Wch U14"]
[Site "Durban"]
[Date "2014.09.22"]
[Round "4"]
[White "Ng, Jen Sheng"]
[Black "Mitrabha, Guha"]
[Result "0-1"]
[WhiteElo "1728"]
[BlackElo "2096"]
[PlyCount "82"]
[EventDate "2014.09.20"]
[EventType "swiss"]
[EventRounds "11"]
[EventCountry "RSA"]
[SourceTitle "CBM 162 Extra"]
[Source "ChessBase"]
[SourceDate "2014.10.17"]
[SourceVersion "1"]
[SourceVersionDate "2014.10.17"]
[SourceQuality "1"]

1. e4 c6 2. d4 d5 3. exd5 cxd5 4. Bd3 Nf6 5. c3 Nc6 6. Bf4 Bg4 7. Qb3 Qc8 8. Nd2 e6 9. Ngf3 Be7 10. 0-0 0-0 11. h3 Bh5 12. Rae1 Bg6 13. Bxg6 hxg6 14. Bh2 a6 15. Ne5 b5 16. Nxc6 Qxc6 17. Nf3 Ne4 18. Ne5 Qb7 19. Re2 Rfc8 20. f4 b4 21. g4 Qb5 22. Rxe4 dxe4 23. c4 Qb6 24. Qe3 f5 25. b3 Rd8 26. c5 Qb7 27. Kg2 Qd5 28. Bg1 Bf6 29. Nxg6 a5 30. Kh2 a4 31. Bf2 Ra7 32. Ne5 axb3 33. axb3 Ra3 34. Rb1 Bxe5 35. fxe5 f4 36. Qxf4 Rf8 37. Qg3 Rf3 38. Qh4 Ra2 39. Qe7 Raxf2+ 40. Kg1 e3 41. Qe8+ Kh7 0-1